• 首页
  • 本馆介绍
  • 公告通知
  • 最新文献
  • 馆藏检索
  • 电子资源
  • 读者导购
  • 参考咨询
  • 我的图书馆
  • 登录
  • 详细信息显示
  • 放入我的书架
  • 预约/预借图书
  • 作者相关作品
  • 分类相关作品
  • 丛书相关作品
  • 出版社相关作品

书目信息

  • 表格格式
  • 工作单格式
  • 卡片格式
题名:
独树一帜倾九城
    
 
作者: 王卫华 编著
分册:  
出版信息: 兰州   敦煌文艺出版社  2020
页数: 155页
开本: 24cm
丛书名: 百年巨匠国际版系列丛书
单 册:
中图分类: K825.78=73 , K825.78
科图分类:
主题词:
电子资源:
ISBN: 978-7-5468-1835-1
000 00869oam2 2200253 450
001 2381837482
005 20231009171359.23
010    @a978-7-5468-1835-1@dCNY48.00
100    @a20200622d2020 em y0chiy50 ea
101 0  @achi
102    @aCN@b620000
105    @aa z 000yb
200 1  @a独树一帜倾九城@Adu shu yi zhi qing jiu cheng@e大师尚小云@f王卫华编著
210    @a兰州@c敦煌文艺出版社@d2020
215    @a155页@c照片@d24cm
225 2  @a百年巨匠国际版系列丛书
330    @a本书既介绍了京剧大师尚小云不平凡的一生,又普及了京剧知识。而且重点介绍了“文武并重,歌舞兼长,清新英爽,洒脱大方”的京剧尚派艺术的创作过程。
410  0 @12001 @a百年巨匠国际版系列丛书
600  0 @a尚小云@f(1900-1976)@x传记
690    @aK825.78=73@v5
690    @aK825.78@v4
701  0 @a王卫华@Awang wei hua@4编著
801  0 @aCN@b91MARC@c20200622
905    @aZUCC@dK825.78@e73
    
    独树一帜倾九城:大师尚小云/王卫华编著.-兰州:敦煌文艺出版社,2020
    155页:照片;24cm.-(百年巨匠国际版系列丛书)
    
    
    ISBN 978-7-5468-1835-1:CNY48.00
    本书既介绍了京剧大师尚小云不平凡的一生,又普及了京剧知识。而且重点介绍了“文武并重,歌舞兼长,清新英爽,洒脱大方”的京剧尚派艺术的创作过程。
●
相关链接 在五车中查询图书 在当当中查询图书 在豆瓣中查询图书


正题名:独树一帜倾九城     索取号:K825.78/73         预约/预借

序号 登录号 条形码 馆藏地/架位号 状态 备注
1 2000994575   2000994575   第四书库/四032架A面5层1列/ [索取号:K825.78/73] 在馆    
2 2000994576   2000994576   第四书库/四032架A面5层1列/ [索取号:K825.78/73] 在馆    
3 2000994577   2000994577   第四书库/四032架A面5层1列/ [索取号:K825.78/73] 在馆    
4 2000994578   2000994578   第四书库/四032架A面5层1列/ [索取号:K825.78/73] 在馆    
5 2000994579   2000994579   第四书库/四032架A面5层1列/ [索取号:K825.78/73] 在馆    
6 2000994580   2000994580   第四书库/四032架A面5层1列/ [索取号:K825.78/73] 在馆    
山东省滨州职业学院图书馆 欢迎您!
大连网信软件有限公司© 版权所有